000 00271nam a22001337a 4500
008 170214b xxu||||| |||| 00| 0 eng d
020 _a30193
041 _aeng
080 _22ND
_a61
100 _a4
101 _aSHM
245 _aLIMNOLOGY
_cLIND, O.T
942 _2udc
_cBK
999 _c5385
_d5385